000 00781nam0a22002531 4500
001 rc\4470362
005 20250612092631.0
021 _aRU
_b[58-14888]
035 _a(NLR Aleph) 008596090
090 _a8674199
_c8674199
100 _a20130416d1958 |||y0rusy50 ca
101 0 _arus
102 _aRU
105 _ay z |||||
200 1 _aТоргово-производственно-финансовый план столовой
210 _aМосква
_cГосторгиздат
_d1958
215 _a176 с.
_d23
606 _aСтоловые
_xПланирование
_2psbo
700 1 _aКрапивин
_bИ.Х.
_gИван Христофорович
801 0 _aRU
_bNLR
_gpsbo
801 1 _aRU
_bELAR
_2rusmarc
852 _aNLR
_j58-5/1303
942 _cBOOK
980 _aNB